000 00733nam a2200193 i 4500
001 156754
003 ES-MaACL
005 20230906210505.0
008 950113m18641866fr a |||| | fre d
040 _aEUS
_bspa
_cEUS
100 1 _aLabarte, Jules.
_9128539
245 1 0 _aHistoire des arts industriels au Moyen Age et à l'époque de la Renaissance /
_cpar Jules Labarte.
260 _aParis :
_bLibrairie de A. Morel,
_c1864-1866 (
_fTypographie de Henri Plon, imprimeur de l'Empereur)
300 _a6 v. (4 v. de texto a 24 cm y 2 v. de Album a 32 cm :
_bil. ;
_c25 cm.
597 _aPort. a dos tintas.
597 _aAntep.
650 0 4 _aArtes decorativas-
_vHistoria.
_910340
852 _aES-MaACL
_jB-3816-21
_z-- Enc. tela
999 _c156754
_d156754